00453nam a2200169Ia 4500008004100000020001400041245006600055245004500121260001500166260001600181260000900197300001400206300002500220300001100245500000800256999001900264170705s9999 xx 000 0 und d a590241441 aAlexander and the terrible, horrible, no good, very bad day / cJudith Viorst ; illustrated by Ray Cruz. aNew York : bScholastic, c1972 aunpaged : bcolor illustration ; c18cm.  a970 c336527d336527